Engineering ethics : Concepts and cases (Record no. 598425)
[ view plain ]
| 000 -LEADER | |
|---|---|
| fixed length control field | 00287nam a2200121Ia 4500 |
| 008 - FIXED-LENGTH DATA ELEMENTS--GENERAL INFORMATION | |
| fixed length control field | 230907s9999||||xx |||||||||||||| ||und|| |
| 082 ## - DEWEY DECIMAL CLASSIFICATION NUMBER | |
| Classification number | 174.962 |
| Author Mark | ENG |
| 245 #0 - TITLE STATEMENT | |
| Title | Engineering ethics : Concepts and cases |
| 250 ## - EDITION STATEMENT | |
| Edition statement | 6th ed |
| 300 ## - PHYSICAL DESCRIPTION | |
| Extent | 291 p. |
| 590 ## - LOCAL NOTE (RLIN) | |
| Local note | ..... |
| 942 ## - ADDED ENTRY ELEMENTS (KOHA) | |
| Koha item type | Book |
| Source of classification or shelving scheme | |
| Withdrawn status | Lost status | Damaged status | Not for loan | Permanent Location | Current Location | Date acquired | Total Checkouts | Full call number | Barcode | Date last seen | Price effective from | Koha item type | Source of classification or shelving scheme |
|---|---|---|---|---|---|---|---|---|---|---|---|---|---|
| US-Pakistan Center for Advanced Studies in Energy (USPCAS-E) | US-Pakistan Center for Advanced Studies in Energy (USPCAS-E) | 07/18/2019 | 174.962 ENG | CAS-E0002524 | 09/12/2023 | 09/12/2023 | Book | ||||||
| US-Pakistan Center for Advanced Studies in Energy (USPCAS-E) | US-Pakistan Center for Advanced Studies in Energy (USPCAS-E) | 04/08/2026 | 174.962 ENG | CAS-E0005735 | 04/08/2026 | 04/08/2026 | Book | ||||||
| US-Pakistan Center for Advanced Studies in Energy (USPCAS-E) | US-Pakistan Center for Advanced Studies in Energy (USPCAS-E) | 04/15/2026 | 174.962 ENG | CAS-E0005736 | 04/15/2026 | 04/15/2026 | Book |
